000 00685nam a22002417a 4500
999 _c413985
_d413985
001 126844
003 UA-OsUOA
005 20200417131644.0
007 ta
008 20171110b un ||||| |||| 00| 0 ukr d
040 _aUA-OsUOA
_bukr
_cUA-OsUOA
_dUA-OsUOA
041 _aukr
080 _a821.161.2
090 _a821.161.2
_bК55
100 _aКобилянська О.
245 _aВибрані твори
_cО. Кобилянська
260 _aК.
_bДніпро
_c1977
300 _a685 с.
650 7 _a82 Література. Літературознавство
_2UDC
942 _cBK
_2udc
955 _a3